000
00349nam a2200157Ia 4500
100
_a
Kogent Learning solutions
650
_a
Web technology
942
_c
BK
366
_f
25
245
_a
Web technologies:Black Book
260
_b
Dreamtech Press
_c
2013
082
_a
4.65
_b
KOG
300
_a
1354
546
_a
ENGLISH
_c
Computers
999
_c
24856
_d
24856